Tổng tập văn học dân gian các dân tộc thiểu số Việt Nam T.5 Sử thi Chăm và Chăm Hơroi

Dẫn luận về sử thi Chăm và giới thiệu tác phẩm sử thi Dewa Mưno và sử thi Inra Patra. Giớii thiệu tác phẩm sử thi tiếng cồng của ông bà Hbia Lơ Đã. Thư mục tài liệu sưu tầm, nghiên cứu về sử thi Chăm và Chăm Hơroi

Spremljeno u:
Bibliografski detalji
Daljnji autori: Phan Đăng Nhật (Chủ biên), Inrasara (Chủ biên), Ka Sô Liêng (Biên soạn), Vũ Quang Dũng (Biên soạn)
Format: Knjiga
Jezik:Vietnamese
Izdano: H. Khoa học xã hội 2009
Teme:
Oznake: Dodaj oznaku
Bez oznaka, Budi prvi tko označuje ovaj zapis!
Thư viện lưu trữ: Mạng thư viện Đại học Đà Nẵng
LEADER 01985nam a2200445 4500
001 000005740
003 1888
005 20110823070844.0
008 110822s2009 viesd
041 0 |a vie 
082 |a 398.2089  |b TON 
245 1 0 |a Tổng tập văn học dân gian các dân tộc thiểu số Việt Nam  |c B.s.: Inrasara, Phan Đăng Nhật (ch.b.), Ka Sô Liễng, Vũ Quang Dũng  |n T.5  |p Sử thi Chăm và Chăm Hơroi 
260 |a H.  |b Khoa học xã hội  |c 2009 
300 |a 802 tr.  |c 24cm 
500 |a ĐTTS ghi: Viện Khoa học xã hội Việt Nam. Viện Nghiên cứu Văn hoá 
504 |a Thư mục: tr. 799-802 
520 |a Dẫn luận về sử thi Chăm và giới thiệu tác phẩm sử thi Dewa Mưno và sử thi Inra Patra. Giớii thiệu tác phẩm sử thi tiếng cồng của ông bà Hbia Lơ Đã. Thư mục tài liệu sưu tầm, nghiên cứu về sử thi Chăm và Chăm Hơroi 
653 |a Dân tộc Chăm 
653 |a Dân tộc thiểu số 
653 |a Văn học dân gian 
653 |a Nghiên cứu văn học 
653 |a Việt Nam 
653 |a Sử thi 
653 |a Tổng tập 
700 |a Phan Đăng Nhật  |e Chủ biên 
700 |a Inrasara  |e Chủ biên 
700 |a Ka Sô Liêng  |e Biên soạn 
700 |a Vũ Quang Dũng  |e Biên soạn 
773 |d Khoa học xã hội  |d H.  |d 2010  |t Tổng tập văn học dân gian các dân tộc thiểu số Việt Nam  |w 558 
910 |a Huỳnh Thị Cẩm Lai  |d 22/08/2011 
OWN |a LSP 
AVA |a UDN50  |b LSP  |d 398.2089 TON  |e available  |t Error 5001 Not defined in file expand_doc_bib_avail.  |f 2  |g 0  |h N  |i 0  |k 1 
999 |a From the UDN01 
AVA |a UDN50  |b LSP  |d 398.2089 TON  |e available  |t Error 5001 Not defined in file expand_doc_bib_avail.  |f 2  |g 0  |h N  |i 0  |k 1 
TYP |a Monograph 
TYP |a Printed language 
980 |a Mạng thư viện Đại học Đà Nẵng